social science index (Record no. 26041)
[ view plain ]
| 000 -LEADER | |
|---|---|
| fixed length control field | 00311nam a22001337a 4500 |
| 005 - DATE AND TIME OF LATEST TRANSACTION | |
| control field | 20200313160308.0 |
| 008 - FIXED-LENGTH DATA ELEMENTS--GENERAL INFORMATION | |
| fixed length control field | 200313b ||||| |||| 00| 0 hin d |
| 082 ## - CLASSIFICATION NUMBER | |
| Call Number | MM549 |
| 245 ## - TITLE STATEMENT | |
| Title | social science index |
| Sub Title | full text |
| 260 ## - PUBLICATION, DISTRIBUTION, ETC. (IMPRINT) | |
| Publisher | proquest |
| 500 ## - GENERAL NOTE | |
| Remark 1 | vol550_96_19 |
| 650 ## - SUBJECT ADDED ENTRY--SUBJECT 1 | |
| Subject | social science |
| 942 ## - ADDED ENTRY ELEMENTS (KOHA) | |
| Koha item type | Multi-Media |
| Withdrawn status | Circulation Status | Home library | Current library | Entry Date | Serial Enumeration / chronology / Volume | Full call number | Accession Number | Koha item type |
|---|---|---|---|---|---|---|---|---|
| NASSDOC Library | NASSDOC Library | 13/03/2020 | vol.550_96_19 | MM0549 | MM0549 | Multi-Media |
